000 00698nam a2200253Ia 4500
003 OSt
005 20220918214414.0
006 a|||||r|||| 00| 0
007 ta
008 220917b |||||||| |||| 00| 0 eng d
024 _a137,307
037 _cTextual
040 _aARTS
_cARTS
_beng
041 _2eng
_aeng
082 _aXM2, K8-;1-;2-;3 (TTW)-;4
100 _aHuberman Leo
_927077
245 0 _aIntroduction to socialism
260 _aNew York
_bMonthly Review Press
_c1968
300 _a127p.
_ccm.
650 _aECONOMICS
700 _a Sweezy Paul M
942 _hXM2, K8-;1-;2-;3 (TTW)-;4
_cTEXL
_2CC
999 _c260391
_d260391